Abhigyan : The Management Journal of Fore (Record no. 97618)

MARC details
000 -LEADER
fixed length control field 00270nam a2200109Ia 4500
008 - FIXED-LENGTH DATA ELEMENTS--GENERAL INFORMATION
fixed length control field 230206s9999 xx 000 0 und d
022 ## - INTERNATIONAL STANDARD SERIAL NUMBER
International Standard Serial Number 0970-2385
041 ## - LANGUAGE CODE
Language code of text/sound track or separate title eng
245 ## - TITLE STATEMENT
Title Abhigyan : The Management Journal of Fore
260 ## - PUBLICATION, DISTRIBUTION, ETC. (IMPRINT)
Name of publisher, distributor, etc. Direct
650 ## - SUBJECT ADDED ENTRY--TOPICAL TERM
Topical term or geographic name as entry element General Management
Holdings
Withdrawn status Lost status Damaged status Not for loan Home library Current library Shelving location Date acquired Serial Enumeration / chronology Total Checkouts Barcode Date last seen Discount Bill Date Koha item type Original Barcode
        Smt. Hiraben Nanavati Institute of Management & Research for Women Smt. Hiraben Nanavati Institute of Management & Research for Women   31/03/2017 Vol No:34; Issue No:1   HIMR-RP-3073 06/02/2023 PD:2016-04-01:RD:2017-01-19 06/02/2023 Loose Issue RP3073
        Smt. Hiraben Nanavati Institute of Management & Research for Women Smt. Hiraben Nanavati Institute of Management & Research for Women   31/03/2017 Vol No:34; Issue No:2   HIMR-RP-3074 06/02/2023 PD:2016-07-01:RD:2017-01-19 06/02/2023 Loose Issue RP3074
        Smt. Hiraben Nanavati Institute of Management & Research for Women Smt. Hiraben Nanavati Institute of Management & Research for Women   31/03/2017 Vol No:34; Issue No:3   HIMR-RP-3075 06/02/2023 PD:2016-10-01:RD:2017-01-19 06/02/2023 Loose Issue RP3075
        Smt. Hiraben Nanavati Institute of Management & Research for Women Smt. Hiraben Nanavati Institute of Management & Research for Women   31/03/2017 Vol No:34; Issue No:4   HIMR-RP-3284 06/02/2023 PD:2017-01-01:RD:2017-04-19 06/02/2023 Loose Issue RP3284